Datum a čas kvízu
23.5
Celkem bodů
Celkový počet nahraných bodů na tomto kvízu bez doplňovacích otázek.
4.
Pořadí na kvízu
Konečné umístění týmu na tomto kvízu.
Zaznamenané odpovědi
| # | Otázka | Odpověď | Body | Výsledky |
|---|---|---|---|---|
| 1. | Minulou sobotu byla mimořádně... | Kramářova vila | 1 | |
| 2. | Slovenskému premiérovi Igoru M... | Žije v nezkolaudovaném domě. | 0 | |
| 3. | Minulý týden se v Praze konal... | Střelecký ostrov | 1 | |
| 4. | Ve Velharticích na Klatovsku o... | brambory | 1 | |
| 5. | Za fotbalovou Spartu budou nas... | Ladislav Krejčí | 0 | |
| 6. | Historie kulečníkových her sah... | slonovina | 1 | |
| 7. | Kulečník, nebo také biliár (z... | snooker | 1 | |
| 8. | Osmička (Eight-ball) se hraje... | A | 1 | |
| 9. | Nyní vám pustíme ukázku ze ser... | karambol | 0 | |
| 10. | Barva peněz je snímek z roku 1... | Tom Cruise | 1 |